LDR 00835nam a2200205 i 4500 001 000000190549 003 CaOOAMICUS 005 20100621000000.0 008 100621s1929 it u000 u ita u 013 $a168962 040 $aSeMil$bita 245 10$aViva Fiamma d'Amore. Cautele. Avvisi e massime spirituali. Lettere spirituali. Poesie. 300 $a231 p. 700 0 $aJuan : de la Cruz,$c
.$0(OLS)http://semarc/name/3819 773 0 $tOpere.$dMilano : S. Lega Eucaristica, 1927-1929.$gVolume3$w()23436 850 $aSeMil 852 $aSeMil$W1$xVenegono$y1$m3H II 225$j141166$B141166$CSeMilBibl$Z2$F152773 $81 900 0 $aGiovanni : della Croce. 996 $6245$aViva Fiamma d'Amore. Cautele. Avvisi e massime spirituali. Lettere spirituali. Poesie$9(OLS)http://semarc/title/274508